Martín Fierro / (Registro nro. 13027)

Detalles MARC
000 -LIDER
fixed length control field 00819nam a22002537a 4500
003 - IDENTIFICACDOR DE NÚMERO DE CONTROL
control field DO-SdBNP
005 - DATE AND TIME OF LATEST TRANSACTION
control field 20171205111311.0
008 - ELEMENTOS DE LONGITUD FIJA
fixed length control field 171122b 1986 ag ||||| |||| 00| 0 spa d
020 ## - ISBN
International Standard Book Number 950565153xçX
040 ## - FUENTE DE CATALOGACIÓN
Agencia que crea de manera original el registro BPMSU
Idioma de catalogación spa
Agencia que realiza la transcripción BPMSU
092 ## - LOCALLY ASSIGNED DEWEY DECIMAL CALL NUMBER
Número de clasificación xxxx
Número de ítem (Cutter) xxxx
100 1# - ASIENTO PRINCIPAL -- NOMBRE PERSONAL
Nombre personal Hernández, José,
Títulos u otras palabras asociadas con el nombre 1834-1886.
245 10 - MENCIÓN DE TITULO
Título Martín Fierro /
Mención de responsabilidad José Hernández ; prólogo y glosario, Germán Berdiales ; ilustraciones de Pablo Pereyra.
250 ## - MENCIÓN DE EDICION
Mención de edición 2a. ed., 3a reimp.
260 ## - PUBLICACIÓN, DISTRIBUCIÓN, ETC. (PIE DE IMPRENTA)
Lugar de publicación, distribución, etc Buenos Aires :
Nombre del editor, distribuidor, etc. Acme,
Fecha de publicación, distribución, etc 1986.
300 ## - DESCRIPCIÓN FÍSICA
Extensión 284 p. :
Otros detalles físicos il. ;
Dimensiones 20 cm.
490 1# - MENCIÓN DE SERIES
Mención de serie Robin Hood
Volume/sequential designation 153
700 12 - ASIENTO SECUNDARIO -- NOMBRE PERSONAL
Nombre personal Berdiales, Germán,
Mención de responsabilidad pról.
700 12 - ASIENTO SECUNDARIO -- NOMBRE PERSONAL
Nombre personal Pereyra, Pablo,
Mención de responsabilidad il.
830 #0 - ASIENTO SECUNDARIO DE SERIE--TÍTULO UNIFORME
Título uniforme Robin Hood
Volume number/sequential designation 153
942 ## - ADDED ENTRY ELEMENTS (KOHA)
Source of classification or shelving scheme Dewey Decimal Classification
Koha item type Libros
945 ## - INFORMACIÓN DE PROCESAMIENTO LOCAL
Información de procesamiento local inventariado extranjero / DG
956 ## - LOCAL ELECTRONIC LOCATION AND ACCESS (OCLC)
Nombre de host LOPEREZ
Número de acceso 10
Información de compresión 20171122
Procesador de solicitud 0041
Instrucción BPMSU
Existencias
Withdrawn status Lost status Source of classification or shelving scheme Damaged status Not for loan Collection code Home library Current library Date acquired Source of acquisition Total Checkouts Barcode Date last seen Price effective from Koha item type
    Dewey Decimal Classification     Colección General Biblioteca Pública Metropolitana Salomé Ureña Biblioteca Pública Metropolitana Salomé Ureña 11/22/2017 FUNDI   BPMSU17110344 11/22/2017 11/22/2017 Libros